[Event "Sparkassen-Open A"]
[Site "Heusenstamm, Martinsee"]
[Date "2019.11.22"]
[Round "3.10"]
[White "Seewi, Joram"]
[Black "Hahn, Markus"]
[Result "0-1"]
[WhiteElo "2108"]
[BlackElo "2291"]
[PlyCount "92"]
[EventDate "2019.??.??"]
[WhiteTeam "SG Kalker/Deutzer"]
[BlackTeam "SVG Caissa Kassel"]

1. Nc3 c5 2. Nf3 Nc6 3. d4 cxd4 4. Nxd4 g6 5. Nxc6 bxc6 6. Qd4 Nf6 7. Ne4 Bg7
8. Bg5 O-O 9. Nxf6+ exf6 10. Bf4 f5 11. Qb4 Qb6 12. Qxb6 axb6 13. c3 Re8 14. a3
d5 15. O-O-O Ba6 16. e3 Bxf1 17. Rhxf1 b5 18. Kc2 Ra4 19. g3 Bf8 20. Rd4 Ra7
21. Ra1 h6 22. h4 f6 23. g4 fxg4 24. h5 g5 25. Bg3 f5 26. Rf1 Bc5 27. Rd3 Rf7
28. b3 Re4 29. b4 Bb6 30. Ra1 f4 31. exf4 gxf4 32. Bh4 Rf5 33. a4 bxa4 34. Rxa4
Rxh5 35. Ra6 Rxh4 36. Rxb6 Rh2 37. Rxc6 Rxf2+ 38. Kb3 Re7 39. b5 g3 40. b6 g2
41. Rg6+ Kh7 42. Rg4 Rg7 43. Rxg2 Rfxg2 44. Kb4 Rf7 45. Rf3 Rg3 46. Rf1 f3 0-1

[Event "Sparkassen-Open A"]
[Site "Heusenstamm, Martinsee"]
[Date "2019.11.22"]
[Round "3.11"]
[White "Sandten, Ulrich"]
[Black "Stork, Oliver"]
[Result "1/2-1/2"]
[WhiteElo "2086"]
[BlackElo "2287"]
[PlyCount "114"]
[EventDate "2019.??.??"]
[WhiteTeam "VSG Offenbach"]
[BlackTeam "SV Oberursel"]

1. d4 Nf6 2. Nf3 g6 3. e3 Bg7 4. Be2 O-O 5. O-O d5 6. b4 c6 7. Nbd2 Ne4 8. Bb2
Qb6 9. a3 a5 10. c4 Bf5 11. c5 Qc7 12. Qb3 a4 13. Qd1 Nd7 14. Rc1 h5 15. Nb1 g5
16. Nfd2 Nxd2 17. Qxd2 g4 18. b5 e5 19. Nc3 Kh7 20. Na2 Rfe8 21. Nb4 Re6 22.
Bc3 h4 23. Qb2 Rg8 24. bxc6 bxc6 25. Na6 Qc8 26. Qb4 exd4 27. Bxd4 Bxd4 28.
Qxd4 Re4 29. Qb2 Ne5 30. Nb4 g3 31. hxg3 hxg3 32. Nd3 Nxd3 33. Bxd3 Reg4 34.
Qc2 Bxd3 35. Qxd3+ R8g6 36. fxg3 Qe6 37. Rf3 Kg8 38. Rb1 Qe5 39. Rb7 Rxg3 40.
Qf1 Rxf3 41. Qxf3 f5 42. Qh3 Rg7 43. Rxg7+ Kxg7 44. Kf2 Qb2+ 45. Kf3 Qe5 46.
Qh5 Qe4+ 47. Kf2 d4 48. Qg5+ Kf7 49. exd4 Qxd4+ 50. Qe3 Qb2+ 51. Kf3 Qb3 52.
Kf4 Qxe3+ 53. Kxe3 Kg6 54. Kf4 Kf6 55. g3 Ke6 56. Kg5 Ke5 57. Kg6 Ke6 1/2-1/2

[Event "Sparkassen-Open A"]
[Site "Heusenstamm, Martinsee"]
[Date "2019.11.22"]
[Round "3.12"]
[White "Kersten, Uwe"]
[Black "Kagan, Dennis"]
[Result "1/2-1/2"]
[WhiteElo "2264"]
[BlackElo "2055"]
[PlyCount "107"]
[EventDate "2019.??.??"]
[WhiteTeam "Sfr. Bad Emstal/Wolfhagen"]
[BlackTeam "SG Porz"]

1. d4 Nf6 2. Bg5 e6 3. e3 h6 4. Bh4 c5 5. Nd2 cxd4 6. exd4 Be7 7. Ngf3 b6 8. a4
Nc6 9. c3 O-O 10. Bxf6 Bxf6 11. Bd3 Qc7 12. O-O d5 13. Re1 e5 14. dxe5 Nxe5 15.
Nxe5 Bxe5 16. Nf3 Bf6 17. Bc2 Bb7 18. Nd4 Rae8 19. Qd3 g6 20. g3 Qc4 21. Qd2
Kg7 22. Bb3 Qc5 23. Rad1 Re4 24. Bc2 Rxe1+ 25. Qxe1 Bc8 26. h4 Bg4 27. Rd2 Bd7
28. Bb3 Re8 29. Qd1 Re4 30. Nf3 Bc6 31. Bxd5 Rxa4 32. Bxc6 Qxc6 33. Nd4 Bxd4
34. cxd4 Rc4 35. d5 Qd6 36. b3 Rc7 37. h5 g5 38. Rd3 Rd7 39. Qg4 Qe7 40. Qf5
Rd6 41. Kg2 Qe2 42. Rf3 Qe7 43. Qd3 Qe5 44. Rf5 Qb2 45. Qc4 Rf6 46. Rxf6 Qxf6
47. b4 a5 48. b5 Qe5 49. Qc6 Qe4+ 50. Kg1 Qe1+ 51. Kg2 Qe4+ 52. Kh2 Qd4 53. Kg1
a4 54. Qa8 1/2-1/2

[Event "Sparkassen-Open A"]
[Site "Heusenstamm, Martinsee"]
[Date "2019.11.22"]
[Round "3.13"]
[White "Bakiev, Diyor"]
[Black "Grabowski, Pawel"]
[Result "1-0"]
[WhiteElo "2084"]
[BlackElo "2271"]
[PlyCount "97"]
[EventDate "2019.??.??"]
[WhiteTeam "Wiesbadener SV"]
[BlackTeam "Godesberger SK"]

1. e4 e5 2. Nf3 Nc6 3. Bb5 a6 4. Ba4 Nf6 5. Qe2 Bc5 6. O-O O-O 7. c3 Qe7 8. d3
b5 9. Bc2 h6 10. h3 d6 11. Rd1 Nh7 12. Nbd2 Bb6 13. Nf1 Nd8 14. Kh2 Ne6 15. g4
c6 16. Ng3 Nhg5 17. Nf5 Qf6 18. Kg2 Nxf3 19. Qxf3 Ng5 20. Qg3 Nh7 21. h4 Bd8
22. Rh1 Bxf5 23. gxf5 Kh8 24. Be3 Rg8 25. Rag1 Be7 26. Kf1 d5 27. d4 dxe4 28.
Bxe4 Bd6 29. dxe5 Bxe5 30. f4 Bxc3 31. bxc3 Qxc3 32. Bf2 Qc4+ 33. Qd3 Qc1+ 34.
Kg2 Qxf4 35. Bg3 Qg4 36. Qf3 Qxf3+ 37. Bxf3 Rac8 38. Rc1 Rgd8 39. Rhd1 Rxd1 40.
Rxd1 Nf6 41. Rd6 c5 42. Rxa6 c4 43. Ra8 Rxa8 44. Bxa8 b4 45. Be5 Ng4 46. Bd4 b3
47. a4 c3 48. Bxc3 Ne3+ 49. Kf3 1-0

[Event "Sparkassen-Open A"]
[Site "Heusenstamm, Martinsee"]
[Date "2019.11.22"]
[Round "3.14"]
[White "Euler, Gerd"]
[Black "Artola Pola, Gerardo"]
[Result "1-0"]
[WhiteElo "2270"]
[BlackElo "2006"]
[PlyCount "43"]
[EventDate "2019.??.??"]
[WhiteTeam "SSG Hungen-Lich"]
[BlackTeam "Frankfurter TV"]

1. d4 Nf6 2. c4 g6 3. Nc3 d5 4. Nf3 Bg7 5. Qb3 dxc4 6. Qxc4 O-O 7. Bf4 a6 8. e4
b5 9. Qxc7 Qxc7 10. Bxc7 Bb7 11. Bd3 b4 12. Na4 Nxe4 13. O-O Nd7 14. Rfe1 Ndf6
15. Nb6 Ra7 16. Rac1 Re8 17. Be5 Nd6 18. Rc7 Rd8 19. Bxd6 Rxd6 20. Nc8 Bxc8 21.
Rxa7 Be6 22. Rxa6 1-0

[Event "Sparkassen-Open A"]
[Site "Heusenstamm, Martinsee"]
[Date "2019.11.22"]
[Round "3.15"]
[White "Boder, Jan"]
[Black "Köllner, Ruben Gideon"]
[Result "0-1"]
[WhiteElo "2067"]
[BlackElo "2268"]
[PlyCount "60"]
[EventDate "2019.??.??"]
[WhiteTeam "SC ML Kastellaun"]
[BlackTeam "SF Deizisau"]

1. c4 e6 2. g3 d5 3. Bg2 Nf6 4. Nf3 dxc4 5. Na3 Bxa3 6. bxa3 Nc6 7. O-O O-O 8.
Bb2 Nd5 9. Qc2 Nb6 10. a4 f6 11. Rfc1 a5 12. Ba3 Nb4 13. Qc3 e5 14. d4 cxd3 15.
exd3 Rf7 16. d4 e4 17. Nd2 f5 18. Bf1 Be6 19. Bc4 Bxc4 20. Nxc4 Nxc4 21. Bxb4
axb4 22. Qxc4 Rxa4 23. Qb5 Qa8 24. Rab1 c6 25. Qe5 Ra5 26. Qe6 Rd5 27. Rxb4 Kf8
28. Rbc4 Rfd7 29. Rxc6 bxc6 30. Rxc6 Qe8 0-1

[Event "Sparkassen-Open A"]
[Site "Heusenstamm, Martinsee"]
[Date "2019.11.22"]
[Round "3.16"]
[White "Alber, Horst"]
[Black "Deuer, Marius"]
[Result "1/2-1/2"]
[WhiteElo "2267"]
[BlackElo "1985"]
[PlyCount "52"]
[EventDate "2019.??.??"]
[WhiteTeam "SK Marburg"]
[BlackTeam "SC Weiße Dame Ulm"]

1. d4 Nf6 2. c4 e6 3. Nc3 Bb4 4. e3 b6 5. Nge2 c5 6. a3 Ba5 7. Rb1 Qe7 8. Bd2
Nc6 9. g3 cxd4 10. exd4 Bxc3 11. Bxc3 d5 12. Bg2 O-O 13. O-O Bb7 14. b3 Rfd8
15. cxd5 Nxd5 16. Bxd5 Rxd5 17. Nf4 Rad8 18. Nxd5 Rxd5 19. Qc1 h5 20. Rd1 Ba8
21. f3 g5 22. a4 Qb7 23. Qe3 Ne7 24. Bb4 Nc6 25. Ba3 Qd7 26. Rbc1 g4 1/2-1/2

[Event "Sparkassen-Open A"]
[Site "Heusenstamm, Martinsee"]
[Date "2019.11.22"]
[Round "3.17"]
[White "Bagrationi, Alexander"]
[Black "Volkov, Mykyta"]
[Result "1/2-1/2"]
[WhiteElo "2500"]
[BlackElo "2142"]
[PlyCount "43"]
[EventDate "2019.??.??"]
[WhiteTeam "vereinslos"]
[BlackTeam "Elberfelder SG"]

1. e4 e6 2. d4 d5 3. Nd2 Nf6 4. e5 Nfd7 5. Bd3 c5 6. c3 Nc6 7. Ne2 cxd4 8. cxd4
f6 9. exf6 Nxf6 10. O-O Bd6 11. Nf3 O-O 12. Bf4 Ng4 13. Bxd6 Qxd6 14. Ng3 e5
15. dxe5 Ngxe5 16. Nxe5 Nxe5 17. Be2 Be6 18. Qd2 Rad8 19. Rfe1 Rf6 20. f4 Qb6+
21. Kh1 Nc4 22. Bxc4 1/2-1/2

[Event "Sparkassen-Open A"]
[Site "Heusenstamm, Martinsee"]
[Date "2019.11.22"]
[Round "3.18"]
[White "Vlassis, Georgios"]
[Black "Vakulenko, Oleksandr"]
[Result "0-1"]
[WhiteElo "2017"]
[BlackElo "2250"]
[PlyCount "90"]
[EventDate "2019.??.??"]
[WhiteTeam "SACH Thessaloniki"]
[BlackTeam "Gambit Kiew"]

1. e4 e5 2. Nf3 Nc6 3. Nc3 g6 4. d4 exd4 5. Nxd4 Bg7 6. Be3 Nf6 7. Be2 O-O 8.
O-O Re8 9. Nxc6 bxc6 10. Bf3 Bb7 11. Re1 d6 12. Bg5 h6 13. Bh4 Qb8 14. Qd2 Kh7
15. Rad1 Qc8 16. Bg3 Nd7 17. h4 Ne5 18. Be2 Qe6 19. h5 Nc4 20. hxg6+ fxg6 21.
Qc1 Rab8 22. b3 Nb6 23. Nb1 c5 24. Bd3 c4 25. bxc4 Nxc4 26. c3 Bc6 27. Re2 Rb6
28. Na3 Nxa3 29. Qxa3 Bb5 30. Bxb5 Rxb5 31. Qxa7 Qc4 32. Ree1 Rb2 33. a4 h5 34.
a5 Rxe4 35. Rxe4 Qxe4 36. Rf1 h4 37. f3 Qc2 38. Bf2 Qxc3 39. a6 Rxf2 40. Rxf2
Bd4 41. Qb7 Qa1+ 42. Kh2 Bxf2 43. Qxc7+ Kh6 44. Qd8 Qe5+ 45. Kh1 Qe1+ 0-1

[Event "Sparkassen-Open A"]
[Site "Heusenstamm, Martinsee"]
[Date "2019.11.22"]
[Round "3.19"]
[White "Baltic, Fatih"]
[Black "Bardorz, Jana"]
[Result "1/2-1/2"]
[WhiteElo "2238"]
[BlackElo "1932"]
[PlyCount "53"]
[EventDate "2019.??.??"]
[WhiteTeam "SV Mülheim-Nord"]
[BlackTeam "TSV Rottendorf"]

1. e4 e5 2. Nf3 Nc6 3. Bc4 Nf6 4. d3 Bc5 5. O-O d6 6. c3 a6 7. Bb3 Ba7 8. Re1
h6 9. Nbd2 O-O 10. h3 Ne7 11. d4 Ng6 12. Nf1 Re8 13. Ng3 c6 14. Bc2 Qc7 15. Be3
d5 16. dxe5 Bxe3 17. exf6 Bb6 18. Nh5 Nf4 19. Nxg7 Nxh3+ 20. gxh3 Qg3+ 21. Kh1
Bxf2 22. Nxe8 Bxe1 23. Nxe1 Qxh3+ 24. Kg1 Qe3+ 25. Kg2 Qh3+ 26. Kf2 Qh4+ 27.
Kg1 1/2-1/2

[Event "Sparkassen-Open A"]
[Site "Heusenstamm, Martinsee"]
[Date "2019.11.22"]
[Round "3.20"]
[White "Triebus, Bruno"]
[Black "Pogan, Nikolas"]
[Result "1/2-1/2"]
[WhiteElo "1992"]
[BlackElo "2234"]
[PlyCount "50"]
[EventDate "2019.??.??"]
[WhiteTeam "SW Lichtenrade"]
[BlackTeam "Heilbronner SV"]

1. e4 d6 2. d4 Nf6 3. Nc3 e5 4. dxe5 dxe5 5. Qxd8+ Kxd8 6. Bc4 Ke8 7. Nf3 Bd6
8. Bg5 Nbd7 9. O-O h6 10. Bh4 a6 11. a4 b6 12. Nd2 Bb7 13. f3 Bc5+ 14. Bf2 Ke7
15. Nb3 Bd6 16. Nd1 g6 17. Ne3 Kf8 18. Rfd1 Kg7 19. Nd5 Rad8 20. Rd2 Nxd5 21.
Bxd5 Bc8 22. a5 b5 23. Rad1 Nb8 24. Ba7 Nd7 25. Bc6 Kf6 1/2-1/2

[Event "Sparkassen-Open A"]
[Site "Heusenstamm, Martinsee"]
[Date "2019.11.22"]
[Round "3.21"]
[White "Enchev, Ivajlo"]
[Black "Schellenberger, Dirk"]
[Result "1-0"]
[WhiteElo "2487"]
[BlackElo "1659"]
[PlyCount "49"]
[EventDate "2019.??.??"]
[WhiteTeam "vereinslos"]
[BlackTeam "Aschaffenburg-Schweinheim"]

1. Nf3 Nf6 2. c4 g6 3. Nc3 c5 4. d4 cxd4 5. Nxd4 Bg7 6. e4 O-O 7. Be2 Nc6 8.
Be3 d6 9. O-O Bd7 10. Rc1 a6 11. Nb3 Rc8 12. f3 Na5 13. Nd2 b6 14. b4 Nc6 15.
a3 Ne5 16. Nd5 Rb8 17. a4 Be6 18. Nb3 h5 19. Nd4 Bd7 20. b5 a5 21. h3 Nxd5 22.
cxd5 Kh7 23. f4 Bh6 24. Qd2 Bxh3 25. fxe5 1-0

[Event "Sparkassen-Open A"]
[Site "Heusenstamm, Martinsee"]
[Date "2019.11.22"]
[Round "3.22"]
[White "Kather, Yannick"]
[Black "Thinius, Marco"]
[Result "0-1"]
[WhiteElo "2137"]
[BlackElo "2398"]
[PlyCount "62"]
[EventDate "2019.??.??"]
[WhiteTeam "SW Lichtenrade"]
[BlackTeam "SV Empor Berlin"]

1. e4 c5 2. c3 d5 3. exd5 Qxd5 4. d4 Nf6 5. Nf3 e6 6. Be2 Be7 7. O-O cxd4 8.
cxd4 Nc6 9. Nc3 Qd6 10. Bg5 O-O 11. Qd2 b6 12. Rfd1 Bb7 13. Rac1 Rac8 14. h3
Rfd8 15. a3 Qb8 16. Qe3 Na5 17. b4 Bxf3 18. Qxf3 Nb3 19. Bf4 Nxc1 20. Bxb8 Rxc3
21. Qb7 Nxe2+ 22. Kf1 Rd7 23. Qa6 Rc2 24. Qd3 Rc8 25. Be5 Nc3 26. Rc1 Nfd5 27.
Qa6 Rcd8 28. Qd3 Rc8 29. Qa6 Rdd8 30. g4 h6 31. Qxa7 Nb5 0-1

[Event "Sparkassen-Open A"]
[Site "Heusenstamm, Martinsee"]
[Date "2019.11.22"]
[Round "3.23"]
[White "Nothnagel, Marian Can"]
[Black "Gramb, Marius"]
[Result "1/2-1/2"]
[WhiteElo "2364"]
[BlackElo "2120"]
[PlyCount "89"]
[EventDate "2019.??.??"]
[WhiteTeam "SV Griesheim"]
[BlackTeam "Brühler SK"]

1. e4 c6 2. d4 d5 3. Nd2 dxe4 4. Nxe4 Nd7 5. Ng5 Ngf6 6. Bd3 e6 7. N1f3 Bd6 8.
Qe2 h6 9. Ne4 Nxe4 10. Qxe4 Nf6 11. Qe2 b6 12. Ne5 Bb7 13. Bd2 Qc7 14. f4 O-O-O
15. O-O Kb8 16. a4 c5 17. a5 cxd4 18. axb6 axb6 19. Ra4 Nd5 20. Rfa1 g5 21. Ra7
Bxe5 22. fxe5 Qc5 23. b4 Qc8 24. Qe4 Nc7 25. Qe2 Nd5 26. Qf2 Nf4 27. Bxf4 gxf4
28. Qxf4 Rd7 29. Be4 Bxe4 30. Rxd7 Qxd7 31. Qxe4 Qd5 32. Qxd5 exd5 33. Rd1 Re8
34. Rxd4 Rxe5 35. Kf2 Kc7 36. Rf4 f5 37. c3 Kd6 38. Rh4 Re6 39. Rh5 Rf6 40. Ke3
Ke6 41. Kd4 Rg6 42. h3 Rf6 43. Ke3 Rg6 44. Kf4 Rf6 45. Ke3 1/2-1/2

[Event "Sparkassen-Open A"]
[Site "Heusenstamm, Martinsee"]
[Date "2019.11.22"]
[Round "3.24"]
[White "Spilles, Matthias"]
[Black "Odendahl, Reiner"]
[Result "1/2-1/2"]
[WhiteElo "2074"]
[BlackElo "2351"]
[PlyCount "45"]
[EventDate "2019.??.??"]
[WhiteTeam "Brühler SK"]
[BlackTeam "Elberfelder SG"]

1. e4 c5 2. Nf3 d6 3. d4 cxd4 4. Nxd4 Nf6 5. Nc3 a6 6. Be3 Ng4 7. Bc1 Nf6 8.
Be3 Ng4 9. Bg5 h6 10. Bh4 g5 11. Bg3 Bg7 12. Be2 h5 13. Bxg4 hxg4 14. Qd2 Nc6
15. Nf5 Bxf5 16. exf5 Qa5 17. Nd5 Qxd2+ 18. Kxd2 O-O-O 19. c3 Be5 20. Ne3 Bxg3
21. hxg3 Ne5 22. Ke2 Kd7 23. f4 1/2-1/2

[Event "Sparkassen-Open A"]
[Site "Heusenstamm, Martinsee"]
[Date "2019.11.22"]
[Round "3.25"]
[White "Neurohr, Jürgen"]
[Black "Abel, Thomas"]
[Result "0-1"]
[WhiteElo "2111"]
[BlackElo "2342"]
[PlyCount "78"]
[EventDate "2019.??.??"]
[WhiteTeam "SF Mainz"]
[BlackTeam "vereinslos"]

1. c4 c6 2. d4 d5 3. Nf3 Nf6 4. Nc3 dxc4 5. a4 Bf5 6. e3 e6 7. Bxc4 Nbd7 8. O-O
Bb4 9. Qe2 Bg6 10. e4 O-O 11. Bd3 Bh5 12. Bf4 Re8 13. e5 Nd5 14. Nxd5 cxd5 15.
h3 Bxf3 16. Qxf3 Rc8 17. Qg3 Nb8 18. Bh6 Bf8 19. Bg5 Qb6 20. a5 Qxd4 21. Bb5
Nc6 22. Be3 Qb4 23. Bxc6 Rxc6 24. Bxa7 Rc2 25. Qa3 Qb5 26. b4 Bxb4 27. Qb3 Rc3
28. Qb2 Rc4 29. Rfb1 g6 30. Qb3 Rec8 31. Ra4 Qa6 32. Rxb4 Rc1+ 33. Rxc1 Rxc1+
34. Kh2 Qxa7 35. Rxb7 Qxf2 36. Qb4 Qg1+ 37. Kg3 Qe3+ 38. Kg4 h5+ 39. Kh4 Rc4+
0-1

[Event "Sparkassen-Open A"]
[Site "Heusenstamm, Martinsee"]
[Date "2019.11.22"]
[Round "3.26"]
[White "Podat, Vladimir"]
[Black "Hinrichs, Paul"]
[Result "1-0"]
[WhiteElo "2321"]
[BlackElo "2104"]
[PlyCount "45"]
[EventDate "2019.??.??"]
[WhiteTeam "SC Untergrombach"]
[BlackTeam "SK Bingen"]

1. d4 d5 2. c4 c6 3. cxd5 cxd5 4. Nc3 Nc6 5. Bf4 Nf6 6. e3 Bf5 7. Qb3 Na5 8.
Qa4+ Bd7 9. Qc2 Rc8 10. Bd3 b5 11. a3 Nc4 12. Nf3 Qa5 13. O-O Nxb2 14. Qxb2
Rxc3 15. Ne5 e6 16. Nxd7 Rxd3 17. Nxf8 Ne4 18. a4 b4 19. Rfc1 Rxf8 20. Bc7 Qa6
21. Qxb4 f6 22. Bf4 e5 23. Rc7 1-0

[Event "Sparkassen-Open A"]
[Site "Heusenstamm, Martinsee"]
[Date "2019.11.22"]
[Round "3.27"]
[White "Spitzl, Vinzent"]
[Black "Olesiak, Marcin"]
[Result "1-0"]
[WhiteElo "2307"]
[BlackElo "2021"]
[PlyCount "61"]
[EventDate "2019.??.??"]
[WhiteTeam "SV Griesheim"]
[BlackTeam "SV Oberursel"]

1. Nf3 c5 2. b3 b6 3. Bb2 Bb7 4. e3 e6 5. c4 Nf6 6. Nc3 Be7 7. Be2 O-O 8. O-O
d6 9. d4 cxd4 10. Nxd4 a6 11. Bf3 Qc7 12. Qe2 Nbd7 13. Rac1 Rac8 14. Bxb7 Qxb7
15. e4 Nc5 16. Rfe1 Rfe8 17. Rcd1 g6 18. e5 dxe5 19. Qxe5 Ncd7 20. Qe2 Bf8 21.
Nf3 Rcd8 22. Ng5 Bg7 23. Nge4 Qc7 24. h3 Nc5 25. Rxd8 Qxd8 26. Nxc5 bxc5 27.
Na4 Qc7 28. Rd1 Nd7 29. Bxg7 Kxg7 30. Qd2 Nb6 31. Qa5 1-0

[Event "Sparkassen-Open A"]
[Site "Heusenstamm, Martinsee"]
[Date "2019.11.22"]
[Round "3.28"]
[White "Köllner, Christof"]
[Black "Zuferi, Enis"]
[Result "0-1"]
[WhiteElo "2088"]
[BlackElo "2290"]
[PlyCount "152"]
[EventDate "2019.??.??"]
[WhiteTeam "SV Bergneustadt/Derschlag"]
[BlackTeam "Heilbronner SV"]

1. d4 Nf6 2. Bg5 d5 3. e3 c5 4. Bxf6 gxf6 5. dxc5 e6 6. c4 dxc4 7. Nd2 c3 8.
bxc3 Bxc5 9. Ngf3 Be7 10. Be2 Nd7 11. O-O Qc7 12. Qa4 O-O 13. Qh4 Nc5 14. Rab1
Kh8 15. Qh5 Bd7 16. Rb4 Rg8 17. Ne4 Nxe4 18. Rxe4 Rg7 19. Rc4 Bc6 20. Rg4 Rxg4
21. Qxg4 Rg8 22. Qh5 Rg7 23. g3 Bd5 24. c4 Be4 25. Qb5 Rg8 26. Rd1 Rd8 27.
Rxd8+ Qxd8 28. Qb2 Qa5 29. h4 Kg8 30. Nd2 Bc6 31. Bf1 Ba3 32. Qc2 Bb4 33. Nb3
Qe5 34. Bg2 Bxg2 35. Kxg2 f5 36. Nd4 Bc5 37. Nf3 Qd6 38. Qb3 Qc6 39. Qd1 Bb6
40. Qe2 Qe4 41. Kh2 Bc7 42. Kg1 h6 43. Ne1 Ba5 44. Nc2 Bc3 45. Na3 Be5 46. Qc2
Qg4 47. Nb1 a6 48. Kg2 Kf8 49. Nd2 Qe2 50. Qc1 Qd3 51. Nf3 Bf6 52. Ne1 Qe4+ 53.
Nf3 Kg7 54. a4 Qc6 55. Qc2 b5 56. axb5 axb5 57. c5 Be7 58. Qc3+ Kg8 59. Qe5
Bxc5 60. Qf6 Bf8 61. h5 b4 62. Qb2 Qd5 63. Qd2 Qb7 64. Qb2 b3 65. Kf1 Qxf3 66.
Qxb3 Qh1+ 67. Ke2 Qxh5+ 68. Kf1 Qf3 69. Qb8 Qd1+ 70. Kg2 Qd5+ 71. Kg1 Qd6 72.
Qa8 Kh7 73. Qf3 Qd5 74. Qh5 Kg7 75. Qh4 Bd6 76. Qd8 Bxg3 0-1

[Event "Sparkassen-Open A"]
[Site "Heusenstamm, Martinsee"]
[Date "2019.11.22"]
[Round "3.29"]
[White "Laux, Dominik"]
[Black "Zhou, Syang"]
[Result "1/2-1/2"]
[WhiteElo "2066"]
[BlackElo "2256"]
[PlyCount "76"]
[EventDate "2019.??.??"]
[WhiteTeam "VSG Offenbach"]
[BlackTeam "SF Deizisau"]

1. d4 d6 2. Bf4 Nd7 3. Nf3 g6 4. Nc3 Bg7 5. e4 Ngf6 6. Qd2 O-O 7. Bh6 e5 8.
Bxg7 Kxg7 9. O-O-O Qe7 10. h4 h5 11. Ng5 exd4 12. Qxd4 Qe5 13. Nb5 Qxd4 14.
Rxd4 Ne8 15. f4 a6 16. Nc3 Nef6 17. g3 b5 18. Bg2 Bb7 19. Bf3 Rab8 20. Rhd1 Nc5
21. e5 dxe5 22. fxe5 Nh7 23. Bxb7 Nxg5 24. Bg2 Nge6 25. Rd5 b4 26. Ne4 Nxe4 27.
Bxe4 Rfd8 28. Ra5 Rxd1+ 29. Kxd1 Rd8+ 30. Ke2 Rd4 31. Bd3 c5 32. c3 bxc3 33.
bxc3 Rd5 34. Rxa6 Rxe5+ 35. Kf3 Rd5 36. Ke3 Re5+ 37. Kf2 Rd5 38. Ke3 Re5+
1/2-1/2

[Event "Sparkassen-Open A"]
[Site "Heusenstamm, Martinsee"]
[Date "2019.11.22"]
[Round "3.30"]
[White "Browning, Alex"]
[Black "Pfeffer, Marko"]
[Result "1-0"]
[WhiteElo "2264"]
[BlackElo "2027"]
[PlyCount "69"]
[EventDate "2019.??.??"]
[WhiteTeam "SVG Plettenberg"]
[BlackTeam "SC Bergen-Enkheim"]

1. Nf3 Nf6 2. g3 d5 3. c4 e6 4. Bg2 dxc4 5. O-O Be7 6. Na3 O-O 7. Nxc4 c5 8. d3
Nc6 9. Bd2 Bd7 10. Qb3 b6 11. a4 Rc8 12. Rfc1 Be8 13. Kf1 Nd5 14. Kg1 Bf6 15.
Rd1 h6 16. e4 Nc7 17. Bc3 Nd4 18. Nxd4 Bxd4 19. e5 b5 20. Nd6 bxa4 21. Qc4 Rb8
22. Bxd4 cxd4 23. Qxd4 a6 24. Qc4 Rxb2 25. Nxe8 Nxe8 26. Rxa4 Qb6 27. d4 Nc7
28. Be4 Rd8 29. Rc1 Nb5 30. Qc5 Qxc5 31. dxc5 Rd4 32. Rxd4 Nxd4 33. c6 Rb8 34.
c7 Rc8 35. Bb7 1-0

[Event "Sparkassen-Open A"]
[Site "Heusenstamm, Martinsee"]
[Date "2019.11.22"]
[Round "3.31"]
[White "Bäumer, Frank"]
[Black "Hilzinger, Markus"]
[Result "0-1"]
[WhiteElo "1865"]
[BlackElo "2141"]
[PlyCount "92"]
[EventDate "2019.??.??"]
[WhiteTeam "Gambit Gusenburg"]
[BlackTeam "SC Pforzheim"]

1. e4 c5 2. Nf3 g6 3. c4 Bg7 4. d4 cxd4 5. Nxd4 Nc6 6. Be3 Nf6 7. Nc3 O-O 8.
Be2 d6 9. f3 Bd7 10. Qd2 Nxd4 11. Bxd4 Bc6 12. O-O a5 13. Rfd1 Nd7 14. Bxg7
Kxg7 15. b3 Kg8 16. Nd5 Nc5 17. Kh1 Bxd5 18. Qxd5 Qb6 19. Rab1 Rfd8 20. Qg5 Rd7
21. Qe3 Qb4 22. Qc1 Qb6 23. Qe3 Qb4 24. Qc1 Ne6 25. Rd5 Qb6 26. Qd2 Rc7 27. f4
Rc5 28. f5 Rxd5 29. exd5 Nc5 30. Qe3 Qd8 31. Rf1 Nd7 32. fxg6 hxg6 33. h4 Ne5
34. h5 Kg7 35. Qg5 f6 36. Qh4 Qh8 37. Qh3 Qh6 38. g4 Qd2 39. Qg2 Rh8 40. Bd1
Qg5 41. Kg1 Kf7 42. hxg6+ Kg7 43. Rf5 Qxg6 44. Rh5 Qd3 45. Qe2 Qd4+ 46. Kg2 Ng6
0-1

[Event "Sparkassen-Open A"]
[Site "Heusenstamm, Martinsee"]
[Date "2019.11.22"]
[Round "3.32"]
[White "Mährlein, Christoph"]
[Black "Farmani Anosheh, Yasha"]
[Result "0-1"]
[WhiteElo "2053"]
[BlackElo "2182"]
[PlyCount "64"]
[EventDate "2019.??.??"]
[WhiteTeam "SC Pforzheim"]
[BlackTeam "SK Ladenburg"]

1. c4 Nf6 2. Nc3 e6 3. d4 Bb4 4. e3 O-O 5. Bd3 d5 6. cxd5 exd5 7. Nf3 Re8 8.
Qb3 Bd6 9. O-O b6 10. Nb5 Bf8 11. Ne5 c5 12. Qc2 c4 13. Bf5 a6 14. Nc3 b5 15.
g4 b4 16. Ne2 g6 17. Bxc8 Qxc8 18. g5 Ne4 19. Ng3 Nxg3 20. hxg3 Nc6 21. f4 Nxe5
22. dxe5 Qh3 23. Qg2 Qxg2+ 24. Kxg2 c3 25. Rd1 Rec8 26. Kf3 a5 27. bxc3 bxc3
28. a4 Rab8 29. Ke2 c2 30. Rh1 Rb1 31. Bd2 Rcb8 32. Bc3 Rxh1 0-1

[Event "Sparkassen-Open A"]
[Site "Heusenstamm, Martinsee"]
[Date "2019.11.22"]
[Round "3.33"]
[White "Asadzade, Idris"]
[Black "Woestmann, Ulrich"]
[Result "1/2-1/2"]
[WhiteElo "2166"]
[BlackElo "2014"]
[PlyCount "84"]
[EventDate "2019.??.??"]
[WhiteTeam "Königsspringer Leverkusen"]
[BlackTeam "SV Ahlen"]

1. d4 Nf6 2. c4 g6 3. f3 d5 4. cxd5 Nxd5 5. e4 Nf6 6. Nc3 Bg7 7. Be3 O-O 8. Qd2
b6 9. h4 h5 10. Nh3 Bxh3 11. Rxh3 c6 12. Be2 Qc8 13. O-O-O Nbd7 14. e5 Nd5 15.
Nxd5 cxd5+ 16. Kb1 b5 17. e6 Nb6 18. exf7+ Rxf7 19. Bxb5 Rb8 20. Rc1 Nc4 21.
Bxc4 dxc4 22. Rg3 Rf6 23. Qc2 Rxb2+ 24. Kxb2 Qb8+ 25. Ka1 Qxg3 26. Qxc4+ Kh7
27. Qe2 Re6 28. Qd2 Qxh4 29. Rd1 Rd6 30. Qf2 Qf6 31. f4 Qf5 32. Rd2 Qe4 33. Qf3
Rxd4 34. Rxd4 Bxd4+ 35. Bxd4 Qxd4+ 36. Kb1 Kh6 37. g3 e6 38. Qa8 Qb6+ 39. Kc2
Qf2+ 40. Kb1 Qe1+ 41. Kc2 Qf2+ 42. Kb1 Qb6+ 1/2-1/2

[Event "Sparkassen-Open A"]
[Site "Heusenstamm, Martinsee"]
[Date "2019.11.22"]
[Round "3.34"]
[White "Feicht, Arno"]
[Black "Wolf, Ulrich Martin"]
[Result "0-1"]
[WhiteElo "1851"]
[BlackElo "2151"]
[PlyCount "126"]
[EventDate "2019.??.??"]
[WhiteTeam "SV Alsfeld"]
[BlackTeam "SC Hansa Dortmund"]

1. e4 c5 2. a3 d5 3. exd5 Qxd5 4. Nc3 Qd8 5. Nf3 Nc6 6. b4 e6 7. bxc5 Bxc5 8.
Bb5 Nf6 9. O-O O-O 10. Bxc6 bxc6 11. Na4 Be7 12. d4 Qa5 13. c4 Ba6 14. Qc2 Nd7
15. Bd2 Qc7 16. Bb4 c5 17. dxc5 Nxc5 18. Rfc1 h6 19. Nd4 Bb7 20. Re1 Nxa4 21.
Bxe7 Qxe7 22. Qxa4 Rfd8 23. c5 Qxc5 24. Rad1 Rac8 25. Qb3 Qd5 26. Qg3 Qg5 27.
Qxg5 hxg5 28. Nb5 a6 29. Nd6 Rb8 30. Nxb7 Rxd1 31. Rxd1 Rxb7 32. Kf1 Rb3 33. a4
Rb4 34. Ra1 a5 35. Ke2 Kf8 36. Ra2 Ke7 37. Ke3 Rh4 38. h3 Kf6 39. f3 Rb4 40.
Kf2 Ke5 41. Re2+ Kd5 42. Rd2+ Rd4 43. Rb2 Rxa4 44. Rb5+ Kc4 45. Rxg5 Ra2+ 46.
Ke3 g6 47. h4 a4 48. g4 Kb4 49. h5 gxh5 50. Rxh5 a3 51. Rh7 Ra1 52. Rxf7 a2 53.
Kf4 Re1 54. Ra7 a1=Q 55. Rxa1 Rxa1 56. Ke5 Re1+ 57. Kf6 Kc5 58. g5 Kd6 59. f4
Rf1 60. g6 Rxf4+ 61. Kg5 Rf1 62. g7 Rg1+ 63. Kf6 e5 0-1

[Event "Sparkassen-Open A"]
[Site "Heusenstamm, Martinsee"]
[Date "2019.11.22"]
[Round "3.35"]
[White "Jansen, Dirk Norbert"]
[Black "Halabi, Ibrahim"]
[Result "0-1"]
[WhiteElo "2150"]
[BlackElo "1869"]
[PlyCount "46"]
[EventDate "2019.??.??"]
[WhiteTeam "SVG Plettenberg"]
[BlackTeam "SK Frankenthal"]

1. e4 c5 2. Nf3 d6 3. d4 cxd4 4. Nxd4 Nf6 5. Nc3 a6 6. Bg5 e6 7. f4 Be7 8. Qf3
Qc7 9. O-O-O Nbd7 10. Bd3 b5 11. Rhe1 Bb7 12. Nd5 exd5 13. Nf5 Kf8 14. Qg3 Rg8
15. Nxe7 dxe4 16. Nxg8 exd3 17. Qxd3 Kxg8 18. Re7 Be4 19. Qb3 d5 20. g3 Qd6 21.
Bxf6 Nxf6 22. Re5 Rc8 23. Rd2 Qc5 0-1